000 00511cas a22001815a 4500
001 L139212
008 070724c19411986nz qr p 0 a0eng u
035 _a(Sirsi) u139212
041 0 _aeng
110 2 _aNew Zealand Institute of Valuers
_91111
245 0 0 _aNew Zealand Valuer
362 0 _a5(1) March 1947-26(5) March 1986
554 _aFour per year
651 4 _aNew Zealand
690 _aPROPERTY-PROPERTY APPRAISAL AND VALUATION
785 0 0 _tNew Zealand Valuers' Journal
_x0013-0315
942 _n0
999 _c119076
_d119076